Biggest Cities of the Holy Roman Empire in 1000 AD with a Map - Statistics

General Stats
  • This quiz has been taken 286 times
  • The average score is 25 of 50
Answers on the Map
Answers color-coded by a green-red scale on the quiz's map according to % correct below.
 
Answer Stats
Population Cities % Correct
30,000 Roma (Rome)
96%
22,000 Mediolanum (Milan)
94%
11,000 Ianua (Genoa)
90%
7,000 Florentia (Florence)
88%
8,000 Wenia (Vienna)
88%
12,000 Cölne (Cologne)
86%
6,000 Pisa
80%
16,000 Verona
78%
6,000 Ache (Aachen)
77%
13,000 Bolonia (Bologna)
77%
4,000 Bremun (Bremen)
72%
12,000 Ravenna
67%
4,000 Strazburg (Strasbourg)
67%
5,000 Magontia (Mainz)
63%
8,000 Patavium (Padua)
62%
6,000 Augustburc (Augsburg)
60%
9,000 Trevir (Trier)
60%
6,000 Parma
59%
7,000 Methis (Metz)
56%
6,000 Sena (Siena)
55%
5,000 Luca (Lucca)
54%
4,000 Magathaburg (Magdeburg)
54%
5,000 Mutina (Modena)
53%
7,000 Reganesburc (Regensburg)
51%
5,000 Bergomum (Bergamo)
49%
8,000 Brixia (Brescia)
49%
5,000 Comum (Como)
47%
11,000 Mantua
46%
4,000 Ariminium (Rimini)
44%
4,000 Erpesfurt (Erfurt)
44%
13,000 Papia (Pavia)
44%
5,000 Perusia (Perugia)
44%
6,000 Wormazia (Worms)
41%
5,000 Regium (Reggio Emilia)
38%
7,000 Placentia (Piacenza)
36%
4,000 Vicentia (Vicenza)
35%
4,000 Aretium (Arezzo)
33%
6,000 Cremona
33%
4,000 Modoetia (Monza)
30%
5,000 Forum Livii (Forlì)
28%
4,000 Spira (Speyer)
27%
4,000 Cameracus (Cambrai)
22%
6,000 Pistoria (Pistoia)
21%
4,000 Castrum Imolae (Imola)
20%
5,000 Caesena (Cesena)
17%
5,000 Faventia (Faenza)
14%
4,000 Urbs Vetus (Orvieto)
9%
4,000 Aesis (Jesi)
7%
6,000 Bardonwic (Bardowick)
6%
4,000 Hoia (Huy)
4%
No matching quizzes found
Score Distribution
Percent of People with Each Score
Percentile by Number Answered
Your Score History
You have not taken this quiz